Quiz di cultura generale #119 - Statistics

Statistiche generali
  • Questo quiz è stato fatto 381 volte
  • Il punteggio medio è 15 su 20
Statistiche sulle risposte
DOMANDA RISPOSTA % Corretto
Trasferimento da una casa all'altra Trasloco
96%
Si getta in mare per fermare una nave Ancora
94%
In inglese è chiamata GYM Palestra
93%
Questa materia scolastica è chiamata colloquialmente ginnastica Educazione Fisica
92%
Il primo sacramento cristiano Battesimo
91%
Spesso è confuso con il coccodrillo Alligatore
90%
La sorella di Mia Martini, anche lei cantante (ha lunghi capelli blu) Loredana/Bertè
88%
La regione di Biella e Verbania Piemonte
88%
Tra i suoi presidenti figurano De Klerk, Mandela e Ramaphosa Sudafrica
85%
Gioco enigmistico di origine giapponesi Sudoku
85%
Il Fernando, campione del mondo di F1 nel 2006 Alonso
83%
I fratelli Filippo e Simone del calcio italiano Inzaghi
82%
Oltre alla capitale, le sue regioni sono Fiandre e Vallonia Belgio
76%
Lo scrittore dell'Orlando Furioso Ludovico/Ariosto
71%
Nell'ordine gerarchico dei titoli nobiliari è inferiore solo al principe Duca
65%
La valuta russa Rublo
58%
Azienda automobilistica svedese Volvo
54%
Così è chiamato colui che guida il tram Tranviere
43%
L'unico elemento della tavola periodica che comincia per X Xenon
43%
La capitale del Paraguay Asuncion
38%
Nessun quiz corrispondente trovato
Distribuzione punteggi
Percentuale di utenti per punteggio
Percentile per numero di risposta
I tuoi punteggi nel tempo
Non hai fatto questo quiz